Középkori freskók a százdi templomban

Bibliographic Details
Main Author: Budai, Ernő 1938- (Author)
Format: Article
Language:Hungarian
PhysicalDescription:Fotogr.
ISSN:1335-6534
Subjects:

MARC

LEADER 00000nab a2200000 a 4500
001 vtls000795172
003 SK-MaSNL
005 20260318114611.0
008 160405c2002 xo 0 hun
015 |a SNBRB2002/05-17044 
035 |a CLN000146827 
040 |a SNKBUCL  |b slo  |c SNKBUCL  |e AACR2 
041 0 |a hun 
044 |a xo  |c SK 
080 |a 904(437.6):726.52(437.6):75.05"13"  |2 1997 
080 |a 726.52(437.6):75.05"13"  |2 1997 
100 1 |a Budai, Ernő  |d 1938-  |4 aut  |9 1037595 
245 1 0 |a Középkori freskók a százdi templomban  |c Budai Ernő 
300 |b Fotogr. 
610 7 |a Kostol sv. Mikuláša (Sazdice, Slovensko)  |2 snkbucl  |9 244412 
650 0 7 |a fresky  |y stor. 14.  |x Kostol sv. Mikuláša (Sazdice, Slovensko)  |2 snkbucl  |9 1614276 
650 0 7 |a pamiatky umelecké  |z Sazdice (Slovensko)  |2 snkbucl  |9 1614277 
651 7 |a Levice (Slovensko : okres)  |2 snkbucl  |9 15245 
655 7 |a články z novín a časopisov  |2 snkbucl  |9 267496 
773 0 |x 1335-6534  |t Remény  |g Roč. 13, č. 14 (2002), s. 7 
850 |a Slovenská národná knižnica v Martine 
852 |a SNK  |b KIS3GCP 
958 |a HU 
958 |a SK 
958 |a RBX 
999 |c 3324922  |d 3326852